Sunrays for friday / (Record no. 139967)

MARC details
000 -LEADER
fixed length control field 00481nam a22001817a 4500
005 - DATE AND TIME OF LATEST TRANSACTION
control field 20170526143534.0
010 ## - LCCN (DPL NO)
LC control number ENG-118179
020 ## - INTERNATIONAL STANDARD BOOK NUMBER
International Standard Book Number 9789351868255
Terms of availability 400.00
035 ## - SYSTEM CONTROL NUMBER
System control number EN-101711
037 ## - SOURCE OF ACQUISITION
Source of stock number/acquisition DBAD/PUB
082 ## - DEWEY DECIMAL CLASSIFICATION NUMBER
Classification number S
100 ## - MAIN ENTRY--PERSONAL NAME
Personal name Priya
245 ## - TITLE STATEMENT
Title Sunrays for friday /
Statement of responsibility, etc by Priya and Sanjay Tandon
260 ## - PUBLICATION, DISTRIBUTION, ETC. (IMPRINT)
Place of publication, distribution, etc New Delhi
Name of publisher, distributor, etc PRABHAT PRAKASHAN
Date of publication, distribution, etc 2016
270 ## - ADDRESS
Address 4/19 Asaf Ali Road, New Delhi-110002
300 ## - PHYSICAL DESCRIPTION
Extent 216p.
Dimensions 21cm. (Hb)
942 ## - ADDED ENTRY ELEMENTS (KOHA)
Source of classification or shelving scheme Dewey Decimal Classification
Item type English Books
Classification part S
Call number suffix PRI
Holdings
Withdrawn status Lost status Not for loan Collection code Home library Current library Date acquired Source of acquisition Cost, normal purchase price Full call number Barcode Copy number Cost, replacement price Koha item type
    Not For Loan Non-fiction D.B.Act.Division Bawana 16/05/2017 DBAD/PUB 400.00 S PRI EN-101711 1 400.00 English Books

© Delhi Public Library
Hit Counter
free hit counter